"A kultúrpolitikai fegyverletétel önkéntes lenne." Klebelsberg Kuno kulturális külpolitikája /

Elmentve itt :
Bibliográfiai részletek
Szerző: Ujváry Gábor
Dokumentumtípus: Könyv része
Megjelent: 2008
Sorozat:A legnagyobb álmú magyar kultuszminiszter : Klebelsberg Kuno kora és munkássága
Kulcsszavak:Klebelsberg Kuno, Művelődéspolitika - Magyarország - 1920-1930-as évek, Közoktatás - Magyarország - 1920-1930-as évek, Nevelésügy - Magyarország - 1920-as-1930-as évek, Oktatásügy - Magyarország - 1922-1931
Online Access:http://acta.bibl.u-szeged.hu/67786
LEADER 00931naa a2200181 i 4500
001 acta67786
005 20260224081030.0
008 200417s2008 hu o 000 hun d
020 |a 978 963 9573 44 4 
040 |a SZTE Egyetemi Kiadványok Repozitórium  |b hun 
041 |a hun 
100 1 |a Ujváry Gábor 
245 1 0 |a "A kultúrpolitikai fegyverletétel önkéntes lenne."   |h [elektronikus dokumentum] :  |b Klebelsberg Kuno kulturális külpolitikája /  |c  Ujváry Gábor 
260 |c 2008 
300 |a 107-124 
490 0 |a A legnagyobb álmú magyar kultuszminiszter : Klebelsberg Kuno kora és munkássága 
695 |a Klebelsberg Kuno, Művelődéspolitika - Magyarország - 1920-1930-as évek, Közoktatás - Magyarország - 1920-1930-as évek, Nevelésügy - Magyarország - 1920-as-1930-as évek, Oktatásügy - Magyarország - 1922-1931 
856 4 0 |u http://acta.bibl.u-szeged.hu/67786/1/2008_klebelsberg_107-124.pdf  |z Dokumentum-elérés